000 00351nam a2200169Ia 4500
100 _aKulkarni/Parag
650 _aBig data
942 _cBK
366 _f25
654 _abig data
245 _aBig Data Analytics
260 _bPrentice -Hall of India
_c2016
082 _bKUL
300 _a189
546 _aENGLISH
_celectronics
999 _c33796
_d33796